书目信息 |
| 题名: |
旅游交际礼仪
|
|
| 作者: | 郑莉萍 , 黄乐艳 , 蒋艳 主编 | |
| 分册: | ||
| 出版信息: | 北京 航空工业出版社 2018.09 |
|
| 页数: | 230页 | |
| 开本: | 26cm | |
| 丛书名: | ||
| 单 册: | ||
| 中图分类: | F590.631 | |
| 科图分类: | ||
| 主题词: | 旅游业--lu^ you ye--礼仪--教材 | |
| 电子资源: | ||
| ISBN: | 978-7-5165-1722-2 | |
| 000 | 01058nam0 2200289 450 | |
| 001 | 202019134159 | |
| 005 | 20191002113833.0 | |
| 010 | @a978-7-5165-1722-2@dCNY45.00 | |
| 100 | @a20190928d2018 em y0chiy50 ea | |
| 101 | 0 | @achi |
| 102 | @aCN@b110000 | |
| 105 | @aa a 000yy | |
| 106 | @ar | |
| 200 | 1 | @a旅游交际礼仪@Alu^ you jiao ji li yi@f主编郑莉萍, 黄乐艳, 蒋艳 |
| 210 | @a北京@c航空工业出版社@d2018.09 | |
| 215 | @a230页@c图@d26cm | |
| 300 | @a“互联网+”旅游管理教学立体化教材 | |
| 320 | @a有书目 (第230页) | |
| 330 | @a本书根据中国旅游业的发展需要和旅游行业礼仪规范的实际要求, 以旅游行业各分支、各岗位的工作过程为导向, 系统地介绍了旅游交际活动中各个环节的服务礼仪。内容包括: 旅游交际礼仪认知 ; 旅游从业人员的形象礼仪等。 | |
| 333 | @a旅游管理类专业“十三五”规划教材 | |
| 606 | 0 | @a旅游业@Alu^ you ye@x礼仪@j教材 |
| 690 | @aF590.631@v5 | |
| 701 | 0 | @a郑莉萍@Azheng li ping@4主编 |
| 701 | 0 | @a黄乐艳@Ahuang le yan@4主编 |
| 701 | 0 | @a蒋艳@Ajiang yan@4主编 |
| 801 | 0 | @aCN@c20190905 |
| 905 | @a河南城建学院图书馆@dF590.631@eZ437 | |
| 旅游交际礼仪/主编郑莉萍, 黄乐艳, 蒋艳.-北京:航空工业出版社,2018.09 |
| 230页:图;26cm |
| “互联网+”旅游管理教学立体化教材.-使用对象:旅游管理类专业“十三五”规划教材 |
| ISBN 978-7-5165-1722-2:CNY45.00 |
| 本书根据中国旅游业的发展需要和旅游行业礼仪规范的实际要求, 以旅游行业各分支、各岗位的工作过程为导向, 系统地介绍了旅游交际活动中各个环节的服务礼仪。内容包括: 旅游交际礼仪认知 ; 旅游从业人员的形象礼仪等。 |
| ● |
| 相关链接 |
|
|
|
正题名:旅游交际礼仪
索取号:F590.631/Z437
 
预约/预借
| 序号 | 登录号 | 条形码 | 馆藏地/架位号 | 状态 | 备注 |
| 1 | 1441949 | 214419495 | 社科库409/409社科库 39排3列3层/ [索取号:F590.631/Z437] | 在馆 | |
| 2 | 1441950 | 214419501 | 社科库409/409社科库 39排3列3层/ [索取号:F590.631/Z437] | 在馆 |